00594 2200169 4500245010700000250001000107100002700117700001800144650003300162650003600195650001000231005001900241260011900260041001400379084001000393300002100403 aPanduan Mengilustrasi dan Mendesain Cerita Anak untuk Tenaga ProfesionalcEvelyn Ghozalli, S.Sn.hText aCet.1 aEvelyn Ghozalli, S.Sn. aWenny Oktavia aTeknik Mendesain Cerita Anak aPenyuntingan Naskah Cerita Anak aEbook a20241104122346 aJakartabBadan Pengembangan dan Pembinaan Bahasa, Kementerian Pendidikan dan Kebudayaan, Republik Indonesia.c2020 aIndonesia a741.6 aviii :c112 hlm.